Lo escrito, escrito está / (Record no. 1106)
[ view plain ]
| 000 -LEADER | |
|---|---|
| campo de control de longitud fija | 01130nam a22003017a 4500 |
| 008 - DATOS DE LONGITUD FIJA--INFORMACIÓN GENERAL | |
| campo de control de longitud fija | 161203s2016 cr|||| |||| 00| 0 spa d |
| 082 04 - NÚMERO DE LA CLASIFICACIÓN DECIMAL DEWEY | |
| Número de clasificación | 708 |
| Número de ítem | E748e |
| 100 1# - ENTRADA PRINCIPAL--NOMBRE DE PERSONA | |
| Nombre de persona | Calvo, Javier. |
| 9 (RLIN) | 5651 |
| 245 13 - MENCIÓN DEL TÍTULO | |
| Título | Lo escrito, escrito está / |
| Mención de responsabilidad, etc. | Javier Calvo...[et. al.]. ; curaduría por María Paola Malavasi ; TEOR/ética. |
| 250 ## - MENCION DE EDICION | |
| Mención de edición | 1a ed. |
| 260 ## - PUBLICACIÓN, DISTRIBUCIÓN, ETC. | |
| Lugar de publicación, distribución, etc. | San José, Costa Rica : |
| Nombre del editor, distribuidor, etc. | TEOR/ética, |
| Fecha de publicación, distribución, etc. | 2016. |
| 300 ## - DESCRIPCIÓN FÍSICA | |
| Extensión | 6 p. |
| Otras características físicas | il. |
| 500 ## - NOTA GENERAL | |
| Nota general | Catálogo publicado con motivo a la exhibición "Lo escrito, escrito está", presentada del 16 de marzo al 25 de junio del 2016, en TEOR/ética. |
| 653 10 - TÉRMINO DE INDIZACIÓN--NO CONTROLADO | |
| Término no controlado | Arte contemporáneo |
| 653 10 - TÉRMINO DE INDIZACIÓN--NO CONTROLADO | |
| Término no controlado | Catálogo de exhibición |
| 653 10 - TÉRMINO DE INDIZACIÓN--NO CONTROLADO | |
| Término no controlado | Exhibiciones |
| 653 10 - TÉRMINO DE INDIZACIÓN--NO CONTROLADO | |
| Término no controlado | Arte - Costa Rica |
| 653 10 - TÉRMINO DE INDIZACIÓN--NO CONTROLADO | |
| Término no controlado | Arte Latinoamericano |
| 653 10 - TÉRMINO DE INDIZACIÓN--NO CONTROLADO | |
| Término no controlado | Artistas costarricenses |
| 700 1# - ENTRADA AGREGADA--NOMBRE PERSONAL | |
| Nombre de persona | Hsu, Mimian. |
| 9 (RLIN) | 3965 |
| 700 1# - ENTRADA AGREGADA--NOMBRE PERSONAL | |
| Nombre de persona | Rangel, Andrés. |
| 9 (RLIN) | 5652 |
| 700 1# - ENTRADA AGREGADA--NOMBRE PERSONAL | |
| Nombre de persona | Salablanca, Christian. |
| 9 (RLIN) | 5653 |
| 700 1# - ENTRADA AGREGADA--NOMBRE PERSONAL | |
| Nombre de persona | Vargas, Guillermo (Habacuc). |
| 9 (RLIN) | 5654 |
| 700 1# - ENTRADA AGREGADA--NOMBRE PERSONAL | |
| Nombre de persona | Williams, Stephanie. |
| 9 (RLIN) | 5655 |
| 700 1# - ENTRADA AGREGADA--NOMBRE PERSONAL | |
| Nombre de persona | Robinson, Marton. |
| 9 (RLIN) | 5643 |
| 700 1# - ENTRADA AGREGADA--NOMBRE PERSONAL | |
| Nombre de persona | Malavasi, María Paola. |
| Término indicativo de función/relación | curadora. |
| 9 (RLIN) | 5656 |
| 710 1# - ENTRADA AGREGADA--NOMBRE DE ENTIDAD CORPORATIVA | |
| Nombre de entidad corporativa o nombre de jurisdicción como elemento de entrada | TEOR/ética. |
| 9 (RLIN) | 5471 |
| Estatus retirado | Estado de pérdida | Fuente del sistema de clasificación o colocación | Estado de daño | No para préstamo | Biblioteca de origen | Biblioteca actual | Ubicación en estantería | Fecha de adquisición | Total de préstamos | Signatura topográfica completa | Código de barras | Visto por última vez | Precio de reemplazo | Tipo de ítem Koha |
|---|---|---|---|---|---|---|---|---|---|---|---|---|---|---|
| Clasificación Decimal Dewey | Biblioteca LadoV | Biblioteca LadoV | 03/12/2016 | 708 E748e | 004305 | 03/12/2016 | 03/12/2016 | Material 01 |
